Hardening Mechanism in Low-Carbon Low-Alloy Steels with a Simultaneous Increase in Ductility and Fracture Toughness; Physical Mesomechanics; Vol. 23, iss. 4

Bibliografske podrobnosti
Parent link:Physical Mesomechanics
Vol. 23, iss. 4.— 2020.— [P. 347-353]
Glavni avtor: Kuznetsov P. V. Pavel Viktorovich
Korporativna značnica: Национальный исследовательский Томский политехнический университет Инженерная школа ядерных технологий Отделение экспериментальной физики
Drugi avtorji: Panin V. E. Viktor Evgenyevich, Galchenko N. K. Nina Konstantinovna
Izvleček:Title screen
The paper analyzes the nucleation and growth of bainite in low-carbon low-alloy 09Mn2Si steel doped with titanium carbonitride nanoparticles in impact toughness testing. The analysis shows that such particles segregate at low-angle boundaries, retarding the formation of high-angle ones, and when impacted into the steel, they curve the lattice and generate a new bainite phase at the curvature interstices. The mechanism of bainite nucleation and growth is sympathetic, obeys the angular momentum conservation law, and provides the formation of multilayered packets of bainite plates capable for unlimited thinning to sub-sub-subunits during deformation. Such bainite plates can respond to their stress-strain state by one or another rotation, showing a high relaxation capacity and providing a high impact toughness of the steel at low temperatures.
Режим доступа: по договору с организацией-держателем ресурса
Jezik:angleščina
Izdano: 2020
Teme:
Online dostop:https://doi.org/10.1134/S1029959920040098
Format: MixedMaterials Elektronski Book Chapter
KOHA link:https://koha.lib.tpu.ru/cgi-bin/koha/opac-detail.pl?biblionumber=662834

MARC

LEADER 00000naa0a2200000 4500
001 662834
005 20250415110029.0
035 |a (RuTPU)RU\TPU\network\33992 
035 |a RU\TPU\network\27119 
090 |a 662834 
100 |a 20201111d2020 k||y0rusy50 ba 
101 1 |a eng 
102 |a US 
135 |a drcn ---uucaa 
181 0 |a i  
182 0 |a b 
200 1 |a Hardening Mechanism in Low-Carbon Low-Alloy Steels with a Simultaneous Increase in Ductility and Fracture Toughness  |f P. V. Kuznetsov, V. E. Panin, N. K. Galchenko 
203 |a Text  |c electronic 
300 |a Title screen 
320 |a [References: 21 tit.] 
330 |a The paper analyzes the nucleation and growth of bainite in low-carbon low-alloy 09Mn2Si steel doped with titanium carbonitride nanoparticles in impact toughness testing. The analysis shows that such particles segregate at low-angle boundaries, retarding the formation of high-angle ones, and when impacted into the steel, they curve the lattice and generate a new bainite phase at the curvature interstices. The mechanism of bainite nucleation and growth is sympathetic, obeys the angular momentum conservation law, and provides the formation of multilayered packets of bainite plates capable for unlimited thinning to sub-sub-subunits during deformation. Such bainite plates can respond to their stress-strain state by one or another rotation, showing a high relaxation capacity and providing a high impact toughness of the steel at low temperatures. 
333 |a Режим доступа: по договору с организацией-держателем ресурса 
461 |t Physical Mesomechanics 
463 |t Vol. 23, iss. 4  |v [P. 347-353]  |d 2020 
610 1 |a труды учёных ТПУ 
610 1 |a электронный ресурс 
700 1 |a Kuznetsov  |b P. V.  |c physicist  |c Associate Professor of Tomsk Polytechnic University, Candidate of physical and mathematical sciences  |f 1952-  |g Pavel Viktorovich  |3 (RuTPU)RU\TPU\pers\34499  |9 17882 
701 1 |a Panin  |b V. E.  |c Director of Russian materials science center  |c Research advisor of Institute of strength physics and materials science of Siberian branch of Russian Academy of Sciences  |f 1930-  |g Viktor Evgenyevich  |3 (RuTPU)RU\TPU\pers\26443  |9 12146 
701 1 |a Galchenko  |b N. K.  |g Nina Konstantinovna 
712 0 2 |a Национальный исследовательский Томский политехнический университет  |b Инженерная школа ядерных технологий  |b Отделение экспериментальной физики  |3 (RuTPU)RU\TPU\col\23549  |9 28346 
801 2 |a RU  |b 63413507  |c 20201111  |g RCR 
850 |a 63413507 
856 4 |u https://doi.org/10.1134/S1029959920040098 
942 |c CF